| 000 | 00703nam a2200193 i 4500 | ||
|---|---|---|---|
| 001 | 100490 | ||
| 003 | ES-MaACL | ||
| 005 | 20230906182703.0 | ||
| 007 | t| | ||
| 008 | 050928m19241926sp |||| | spa d | ||
| 080 | _a39(460.235 B.)"18" | ||
| 100 | 1 |
_aMasriera, Arturo. _978776 |
|
| 245 | 1 | 4 |
_aLos buenos barceloneses / _cArturo Masriera. |
| 260 |
_aBarcelona : _bAtenas, _c[1924-1926] |
||
| 300 |
_a2 v. ; _c20 cm. |
||
| 505 | 0 | _a1ª parte: Hombres, costumbres y anécdotas de la Barcelona ochocentista (1850-1870) - 2ª parte: Oliendo a brea: hombres, naves, hechos y cosas de mar de la Cataluña ochocentista | |
| 651 | 4 |
_aBarcelona- _xUsos y costumbres. _9154369 |
|
| 852 |
_aES-MaACL _jF-4684-85 |
||
| 999 |
_c100490 _d100490 |
||